Điện hoá lý thuyết : giáo trình cho sinh viên trường đại học bách khoa và các trường khác /
Na minha lista:
| Autor principal: | |
|---|---|
| Formato: | Sách giấy |
| Idioma: | Vietnamese |
| Publicado em: |
H. :
Khoa học Kỹ thuật,
2000.
|
| Assuntos: | |
| Tags: |
Adicionar Tag
Sem tags, seja o primeiro a adicionar uma tag!
|
| Thư viện lưu trữ: | Thư viện Trường Đại học Đà Lạt |
|---|
| LEADER | 00896nam a2200325 4500 | ||
|---|---|---|---|
| 001 | DLU040029012 | ||
| 003 | ##DLU | ||
| 005 | ##20040913 | ||
| 008 | ##021230t vn z000 vie d | ||
| 040 | # | # | |a DLU |b vie |
| 041 | # | # | |a vie |
| 044 | # | # | |a vn |
| 082 | # | # | |a 541.37 |b TR-L |
| 100 | # | # | |a Trương Ngọc Liên. |
| 245 | # | # | |a Điện hoá lý thuyết : |b giáo trình cho sinh viên trường đại học bách khoa và các trường khác / |c Trương Ngọc Liên. |
| 260 | # | # | |a H. : |b Khoa học Kỹ thuật, |c 2000. |
| 300 | # | # | |a 223 tr. ; |c 21 cm. |
| 504 | # | # | |a Tài liệu tham khảo: tr.219 |
| 653 | # | # | |a Điện hoá học |
| 653 | # | # | |a Giáo trình |
| 923 | # | # | |a 21/2004 |
| 992 | # | # | |a 19000 |
| 994 | # | # | |a DLU |
| 900 | # | # | |a True |
| 911 | # | # | |a Đào Thị Thu Huyền |
| 925 | # | # | |a G |
| 926 | # | # | |a A |
| 927 | # | # | |a SH |
| 980 | # | # | |a Thư viện Trường Đại học Đà Lạt |